[Event "BL 8889 Heidelberg-Porz"]
[Site "?"]
[Date "1989.??.??"]
[Round "?.1"]
[White "Hort, V."]
[Black "Steinbacher, M."]
[Result "1-0"]
[WhiteElo "2595"]
[BlackElo "2340"]
[PlyCount "80"]
[EventDate "1989.??.??"]

1. e4 e6 2. d4 d5 3. Nc3 dxe4 4. Nxe4 Bd7 5. Nf3 Bc6 6. Bd3 Nf6 7. Bg5 Be7 8.
Ned2 Nd5 9. Bxe7 Qxe7 10. O-O Nf4 11. Be4 Qb4 12. Re1 Qxb2 13. c4 O-O 14. Re3
Bxe4 15. Nxe4 Nc6 16. g3 Nxd4 17. Nxd4 Rfd8 18. gxf4 Rxd4 19. Qc1 Qxc1+ 20.
Rxc1 h6 21. Kg2 Rad8 22. Kf3 b6 23. Rc2 f5 24. Ng3 Kf7 25. h4 g5 26. hxg5 hxg5
27. Ne2 g4+ 28. Kg2 Rd2 29. Rxd2 Rxd2 30. a3 Rc2 31. Nc3 e5 32. fxe5 f4 33. e6+
Ke8 34. Rd3 c6 35. Ne4 Ke7 36. Ng5 g3 37. Rf3 Kf6 38. Rxf4+ Kxg5 39. Kxg3 Re2
40. Rf7 Rxe6 1-0

[Event "BL 8889 Heidelberg-Porz"]
[Site "?"]
[Date "1989.??.??"]
[Round "?.2"]
[White "Ostl, A."]
[Black "Christiansen, L."]
[Result "1/2-1/2"]
[WhiteElo "2260"]
[BlackElo "2550"]
[PlyCount "114"]
[EventDate "1989.??.??"]

1. d4 d6 2. Nf3 Bg4 3. h3 Bxf3 4. exf3 Nf6 5. c3 e6 6. Nd2 Nbd7 7. f4 g6 8. Qb3
Rb8 9. g3 Bg7 10. Bg2 O-O 11. O-O c5 12. dxc5 Nxc5 13. Qa3 Qc7 14. Nb3 b5 15.
Be3 Nfd7 16. Rfd1 Rfc8 17. Nd4 d5 18. Rac1 a6 19. b3 h5 20. Qb2 Nf6 21. Qe2
Nce4 22. c4 bxc4 23. bxc4 dxc4 24. Qc2 Nd6 25. Nc6 Rb5 26. Na7 Rcb8 27. Nxb5
axb5 28. Bd4 Nfe8 29. Be5 Qc5 30. Qe2 Bxe5 31. Qxe5 Rc8 32. Rb1 Qa3 33. Rd2 Rc5
34. Qe3 Qxe3 35. fxe3 c3 36. Rc2 Nf6 37. Rd1 Nfe4 38. Rd4 f5 39. Bxe4 Nxe4 40.
Kg2 Kf7 41. Kf3 e5 42. Rb4 Ke6 43. a4 bxa4 44. Rxa4 Rb5 45. Rxe4 fxe4+ 46. Kxe4
Rc5 47. Kd3 h4 48. g4 exf4 49. exf4 Kd5 50. Rxc3 Rxc3+ 51. Kxc3 Ke4 52. f5 gxf5
53. g5 Ke5 54. Kd3 Ke6 55. Kd4 Kf7 56. Ke5 Kg6 57. Kf4 Kh5 1/2-1/2

[Event "BL 8889 Heidelberg-Porz"]
[Site "?"]
[Date "1989.??.??"]
[Round "?.3"]
[White "Fedorowicz, J."]
[Black "Cicak, S."]
[Result "1/2-1/2"]
[WhiteElo "2520"]
[BlackElo "2345"]
[PlyCount "56"]
[EventDate "1989.??.??"]

1. d4 Nf6 2. c4 e6 3. Nf3 d5 4. Nc3 Be7 5. Bg5 O-O 6. e3 h6 7. Bh4 b6 8. Bd3
Bb7 9. Bxf6 Bxf6 10. cxd5 exd5 11. Qb3 c5 12. dxc5 Nd7 13. c6 Bxc6 14. O-O Nc5
15. Qd1 Ne4 16. Bxe4 dxe4 17. Nd4 Bxd4 18. exd4 Bd5 19. Re1 f5 20. Qa4 Rf7 21.
Rac1 Qd7 22. Qb4 Re8 23. a4 f4 24. Qb5 Qxb5 25. Nxb5 Rd7 26. Rc3 Ree7 27. h3
Bb7 28. Nxa7 Rxd4 1/2-1/2

[Event "BL 8889 Heidelberg-Porz"]
[Site "?"]
[Date "1989.??.??"]
[Round "?.4"]
[White "Zuse, P."]
[Black "Schoen, W."]
[Result "0-1"]
[WhiteElo "2295"]
[BlackElo "2430"]
[PlyCount "82"]
[EventDate "1989.??.??"]

1. e4 c5 2. Nf3 Nc6 3. d4 cxd4 4. Nxd4 Nf6 5. Nc3 d6 6. Bg5 e6 7. Qd3 a6 8. Be2
Bd7 9. O-O Be7 10. Rad1 Qc7 11. Qg3 O-O-O 12. b4 Nxb4 13. Rb1 Nc6 14. Qd3 Nxd4
15. Qxd4 Bc6 16. Na4 b5 17. Nb6+ Kb7 18. Nc4 d5 19. exd5 Rxd5 20. Qh4 h6 21.
Bxf6 Bxf6 22. Qh3 Rg5 23. Bf3 Kc8 24. Na5 Qxa5 25. Bxc6 Qc3 26. Bf3 Rd8 27. a4
b4 28. Rb3 Qc4 29. Re3 Rd2 30. Re4 Bd4 31. Qh4 f5 32. Qf4 fxe4 33. Qf8+ Kd7 34.
Qf7+ Kd6 35. Qf8+ Kc7 36. Qe7+ Kb6 37. Qd6+ Ka5 38. Qd8+ Bb6 39. Qxd2 exf3 40.
Re1 Rxg2+ 41. Kh1 Rxh2+ 0-1

[Event "BL 8889 Heidelberg-Porz"]
[Site "?"]
[Date "1989.??.??"]
[Round "?.6"]
[White "Grathwohl, R."]
[Black "Lutz, C."]
[Result "1/2-1/2"]
[WhiteElo "2310"]
[BlackElo "2380"]
[PlyCount "63"]
[EventDate "1989.??.??"]

1. Nf3 Nf6 2. c4 c6 3. d4 d5 4. cxd5 cxd5 5. Nc3 Nc6 6. Bf4 a6 7. e3 Bg4 8. h3
Bxf3 9. Qxf3 Qb6 10. Rb1 e6 11. Qd1 Be7 12. Bd3 O-O 13. O-O Rfc8 14. Qd2 Na5
15. Na4 Qd8 16. Rbc1 Nc4 17. Qe2 Qa5 18. Bxc4 Qxa4 19. Bb3 Qd7 20. Bg5 Ne4 21.
Bxe7 Qxe7 22. Bc2 Nd6 23. Bd3 Qd7 24. Rc5 b6 25. Rxc8+ Qxc8 26. Qd2 Qb7 27. Rc1
Rc8 28. Rxc8+ Qxc8 29. Qb4 Qc1+ 30. Kh2 Qc7 31. g3 a5 32. Qd2 1/2-1/2

[Event "BL 8889 Bochum-Heidelberg"]
[Site "?"]
[Date "1989.??.??"]
[Round "?.1"]
[White "Steinbacher, M."]
[Black "Graf, J."]
[Result "1/2-1/2"]
[WhiteElo "2340"]
[BlackElo "2405"]
[PlyCount "81"]
[EventDate "1989.??.??"]

1. g3 d5 2. Bg2 c6 3. Nf3 Nf6 4. d3 Bg4 5. h3 Bxf3 6. exf3 e6 7. Nd2 Bd6 8. f4
c5 9. O-O Nc6 10. Re1 O-O 11. Nf3 Qc7 12. Bd2 Rfe8 13. a3 Rac8 14. Rc1 h6 15.
c4 dxc4 16. Rxc4 b5 17. Rc1 Qb8 18. Bc3 Nd5 19. Be5 Nxe5 20. Nxe5 Nf6 21. Qb3
Qb6 22. Re2 Rc7 23. a4 bxa4 24. Qxa4 Rd8 25. Rc3 Bxe5 26. Rb3 Rd4 27. Rxb6 Rxa4
28. Rb8+ Kh7 29. fxe5 Nd7 30. Rd8 g6 31. f4 Rd4 32. Be4 c4 33. Rc2 Kg7 34. Kf2
f5 35. exf6+ Kxf6 36. Ke3 Rd6 37. Rxc4 Rxc4 38. dxc4 Nb6 39. Rxd6 Nxc4+ 40. Kd4
Nxd6 41. Bd3 1/2-1/2

[Event "BL 8889 Bochum-Heidelberg"]
[Site "?"]
[Date "1989.??.??"]
[Round "?.2"]
[White "Sonntag, H."]
[Black "Ostl, A."]
[Result "1/2-1/2"]
[WhiteElo "2380"]
[BlackElo "2260"]
[PlyCount "73"]
[EventDate "1989.??.??"]

1. d4 d5 2. c4 c6 3. Nf3 Nf6 4. e3 Bf5 5. Nc3 e6 6. Qb3 Qb6 7. c5 Qc7 8. Qa4
Nfd7 9. b4 b5 10. cxb6 Nxb6 11. Qb3 N8d7 12. Bd2 Rb8 13. a3 a5 14. b5 c5 15. a4
c4 16. Qb2 h6 17. Be2 Bd6 18. O-O O-O 19. Bd1 Bh7 20. Bc2 f5 21. Ne2 Ra8 22.
Bc3 Nf6 23. Ne5 Nbd7 24. f4 g5 25. Nc6 Qb6 26. Qc1 Kh8 27. Qd2 Bc7 28. Kh1 Rg8
29. Ng1 Ne8 30. Nf3 Ndf6 31. Nfe5 Nd6 32. Qe1 Rg7 33. Rf3 Rgg8 34. Rh3 Kg7 35.
Rf3 Kh8 36. Rh3 Kg7 37. Rf3 1/2-1/2

[Event "BL 8889 Bochum-Heidelberg"]
[Site "?"]
[Date "1989.??.??"]
[Round "?.3"]
[White "Cicak, S."]
[Black "Beckemeyer, W."]
[Result "1-0"]
[WhiteElo "2345"]
[BlackElo "2380"]
[PlyCount "121"]
[EventDate "1989.??.??"]

1. e4 e5 2. Nf3 Nc6 3. Bc4 Nf6 4. d3 Bc5 5. O-O d6 6. c3 O-O 7. b4 Bb6 8. Bg5
Qe7 9. Nbd2 Nd8 10. Nh4 Ne6 11. Nf5 Qd8 12. Bh4 Nf4 13. Qf3 d5 14. Bb3 dxe4 15.
Nh6+ gxh6 16. Nxe4 Qxd3 17. Nxf6+ Kh8 18. Nd5 f6 19. Bxf6+ Rxf6 20. Qxd3 Nxd3
21. Nxf6 c6 22. Bc2 Bf5 23. Nd7 Bxd7 24. Bxd3 Kg7 25. Rae1 Kf6 26. Kh1 Bc7 27.
Re3 Be6 28. a3 a5 29. Bxh7 axb4 30. axb4 Bd5 31. Be4 Bc4 32. Rd1 Bb6 33. Rg3
Bb3 34. Rc1 Ra2 35. Rg6+ Kf7 36. Rxh6 Bxf2 37. Rh7+ Ke6 38. Rxb7 Bd5 39. Bf3 e4
40. c4 exf3 41. cxd5+ cxd5 42. gxf3 d4 43. Rc5 d3 44. Rb6+ Ke7 45. Re5+ Kf7 46.
Rd6 d2 47. Red5 Be3 48. b5 Bf4 49. Rd7+ Ke6 50. h4 Rb2 51. h5 Rxb5 52. Rxb5
Kxd7 53. Rb1 Ke6 54. Kg2 Kf6 55. Kf2 Kg5 56. Rb5+ Kh4 57. Ke2 Bh6 58. Rf5 Be3
59. Rd5 Bh6 60. Rxd2 Bxd2 61. Kxd2 1-0

[Event "BL 8889 Bochum-Heidelberg"]
[Site "?"]
[Date "1989.??.??"]
[Round "?.4"]
[White "Vatter, H."]
[Black "Zuse, P."]
[Result "0-1"]
[WhiteElo "2335"]
[BlackElo "2295"]
[PlyCount "90"]
[EventDate "1989.??.??"]

1. e4 c5 2. Nf3 d6 3. d4 cxd4 4. Nxd4 Nf6 5. Nc3 a6 6. Be3 Nbd7 7. Qd2 b5 8. f3
Bb7 9. O-O-O b4 10. Nce2 e5 11. Nf5 d5 12. exd5 Bxd5 13. Kb1 h5 14. Bg5 Qa5 15.
Nc1 g6 16. Ne3 Be6 17. Bc4 Qb6 18. Nd5 Bxd5 19. Bxd5 Rd8 20. Bb3 Be7 21. Qd3
Nc5 22. Qe3 Nfd7 23. Bxe7 Kxe7 24. Rd5 Kf8 25. Rhd1 Kg7 26. Rd6 Qc7 27. Qg5
Rhg8 28. Bc4 Nb7 29. R6d2 Ndc5 30. Nd3 Nxd3 31. Bxd3 a5 32. h4 Rd4 33. g4 hxg4
34. h5 gxf3 35. hxg6 f6 36. Qh5 Rh8 37. Qxf3 Nc5 38. Rh1 Rdh4 39. Rxh4 Rxh4 40.
Rd1 e4 41. Qf2 Rh2 42. Qf5 exd3 43. cxd3 Qe5 44. Qxe5 fxe5 45. d4 Na4 0-1

[Event "BL 8889 Bochum-Heidelberg"]
[Site "?"]
[Date "1989.??.??"]
[Round "?.6"]
[White "Boesken, C."]
[Black "Grathwohl, R."]
[Result "1/2-1/2"]
[WhiteElo "2270"]
[BlackElo "2310"]
[PlyCount "33"]
[EventDate "1989.??.??"]

1. Nf3 Nf6 2. c4 b6 3. g3 Bb7 4. Bg2 e6 5. O-O c5 6. Nc3 Be7 7. d4 cxd4 8. Qxd4
d6 9. Bg5 a6 10. Bxf6 Bxf6 11. Qf4 Bxf3 12. Qxf3 Ra7 13. Rad1 O-O 14. Qd3 Rd7
15. a4 Qc7 16. Rc1 Rc8 17. Qb1 1/2-1/2

[Event "BL 8889 Porz-Koblenz"]
[Site "?"]
[Date "1989.??.??"]
[Round "?.2"]
[White "Fedorowicz, J."]
[Black "Braga, F."]
[Result "1-0"]
[WhiteElo "2520"]
[BlackElo "2430"]
[PlyCount "105"]
[EventDate "1989.??.??"]

1. d4 d5 2. c4 dxc4 3. Nf3 Nf6 4. Nc3 c6 5. e4 b5 6. e5 Nd5 7. a4 Bf5 8. axb5
Nb4 9. Bxc4 Nc2+ 10. Kf1 Nxa1 11. bxc6 Nxc6 12. d5 Na5 13. Bb5+ Bd7 14. Bxd7+
Qxd7 15. e6 fxe6 16. Ne5 Qc7 17. Qa4+ Kd8 18. Bf4 Kc8 19. Nc6 Qd7 20. Qxa5 g5
21. Be5 exd5 22. Nd4 Rg8 23. Qxa1 Kb7 24. b4 Rc8 25. f3 Bg7 26. Bxg7 Rxg7 27.
Kf2 e5 28. Nde2 g4 29. Qa5 gxf3 30. gxf3 d4 31. Ra1 Ka8 32. Na4 Rg6 33. Nc5 Qc7
34. Qxc7 Rxc7 35. f4 Rh6 36. fxe5 Rxh2+ 37. Kf3 d3 38. Nf4 d2 39. e6 Rc8 40. e7
Re8 41. Nd5 Kb8 42. Nd7+ Kb7 43. N7f6 Rxe7 44. Nxe7 Kb6 45. Nfd5+ Kb5 46. Nf5
Kc6 47. Nfe3 Kb7 48. Rg1 Ka6 49. Nc3 Rh4 50. Ned5 Rd4 51. b5+ Kb7 52. Rg7+ Kb8
53. Ne7 1-0

[Event "BL 8889 Porz-Koblenz"]
[Site "?"]
[Date "1989.??.??"]
[Round "?.3"]
[White "Doncevic, D."]
[Black "Schoen, W."]
[Result "1/2-1/2"]
[WhiteElo "2370"]
[BlackElo "2430"]
[PlyCount "75"]
[EventDate "1989.??.??"]

1. e4 c5 2. c3 d6 3. d4 Nf6 4. Bd3 e5 5. dxe5 dxe5 6. Nf3 Nc6 7. O-O Bg4 8. h3
Bh5 9. Qe2 Be7 10. Nbd2 a6 11. Rd1 Qc7 12. Nf1 Rd8 13. Ng3 Bg6 14. Be3 O-O 15.
Nh4 Rd7 16. Nhf5 h6 17. h4 Rfd8 18. Bc2 b5 19. Rxd7 Rxd7 20. a4 c4 21. axb5
axb5 22. Qf3 h5 23. Nxe7+ Nxe7 24. Ra7 Qc6 25. Rxd7 Qxd7 26. Qd1 Qxd1+ 27. Bxd1
Nxe4 28. Nxe4 Bxe4 29. Bxh5 Nd5 30. Bd2 Bc2 31. Be2 Nb6 32. f3 Na4 33. Bc1 f5
34. g3 Nc5 35. Be3 Na4 36. Bc1 Nc5 37. Be3 Na4 38. Bc1 1/2-1/2

[Event "BL 8889 Porz-Koblenz"]
[Site "?"]
[Date "1989.??.??"]
[Round "?.4"]
[White "Fleck, J."]
[Black "Wolf, V."]
[Result "1/2-1/2"]
[WhiteElo "2415"]
[BlackElo "2330"]
[PlyCount "153"]
[EventDate "1989.??.??"]

1. e4 e6 2. d4 d5 3. Nc3 Bb4 4. e5 c5 5. a3 Bxc3+ 6. bxc3 Qc7 7. Qg4 f5 8. exf6
Nxf6 9. Qg3 Qxg3 10. hxg3 O-O 11. Nf3 b6 12. c4 Ba6 13. Rh4 Nbd7 14. cxd5 Bxf1
15. Kxf1 exd5 16. a4 Rac8 17. dxc5 bxc5 18. Bf4 Rc6 19. Ne5 Nxe5 20. Bxe5 Ne4
21. f3 g5 22. Rh5 Re6 23. Bc7 h6 24. Kg1 Nc3 25. f4 Ne4 26. fxg5 hxg5 27. g4
Kg7 28. Rb1 Kg6 29. Bb8 Rb6 30. Rxb6+ axb6 31. Bc7 Nc3 32. Bxb6 Nxa4 33. Bc7 c4
34. Rh3 Rc8 35. Be5 Re8 36. Re3 Nc5 37. Kf1 Ne4 38. Bd4 Rf8+ 39. Ke1 Rf4 40. c3
Rxg4 41. Kf1 Rf4+ 42. Ke1 g4 43. Re2 Rf5 44. Re3 Rh5 45. Kd1 Rh2 46. Re2 Kf5
47. Kc2 Rh1 48. Re3 Rf1 49. Re2 Kf4 50. Kb2 Rd1 51. Kc2 Rd3 52. Bg7 Kf5 53. Bh8
Ng3 54. Re1 Ne4 55. Re2 Kg6 56. Bd4 Kh6 57. Be3+ Kh5 58. Bd4 Kg6 59. Be5 g3 60.
Bh8 Kf5 61. Bd4 Kg4 62. Be5 Nc5 63. Bd4 Nb3 64. Be5 d4 65. cxd4 Nxd4+ 66. Bxd4
Rxd4 67. Kc3 Rf4 68. Re8 Rf2 69. Rg8+ Kf4 70. Rf8+ Ke5 71. Re8+ Kf6 72. Rg8
Rxg2 73. Kxc4 Ke5 74. Kd3 Rg1 75. Ke3 Re1+ 76. Kf3 Rf1+ 77. Kg2 1/2-1/2

[Event "BL 8889 Porz-Koblenz"]
[Site "?"]
[Date "1989.??.??"]
[Round "?.5"]
[White "Bayer, E."]
[Black "Lutz, C."]
[Result "1-0"]
[WhiteElo "2370"]
[BlackElo "2380"]
[PlyCount "135"]
[EventDate "1989.??.??"]

1. Nf3 Nf6 2. g3 d5 3. Bg2 c6 4. O-O Bg4 5. b3 Nbd7 6. Bb2 e6 7. d3 Bd6 8. Nbd2
O-O 9. h3 Bxf3 10. Bxf3 a5 11. a4 Qb6 12. Kh2 Be5 13. c3 Bd6 14. Bg2 e5 15. Rb1
Rfe8 16. Qc2 Rad8 17. e4 Bf8 18. Bc1 Nc5 19. b4 axb4 20. cxb4 Ne6 21. b5 Nd4
22. bxc6 Qa7 23. Qa2 bxc6 24. exd5 cxd5 25. Nb3 Nc6 26. a5 Nb4 27. Qd2 Qa6 28.
Rd1 Rc8 29. Ba3 Rc2 30. Qe3 d4 31. Qf3 e4 32. dxe4 Rc3 33. Qf5 g6 34. Qg5 h6
35. Qd2 Rd3 36. Qe2 Rxd1 37. Qxd1 Nxe4 38. Bxb4 Bxb4 39. Qxd4 Bc3 40. Qb6 Qe2
41. a6 Nxf2 42. Qc6 Re3 43. a7 Rxg3 44. a8=Q+ Kh7 45. Qf3 Rxf3 46. Qxf3 Be5+
47. Kg1 Qxf3 48. Bxf3 Nxh3+ 49. Kf1 h5 50. Nc5 Bd4 51. Nd3 Kh6 52. Rb4 Ba1 53.
Kg2 Ng5 54. Bd5 f6 55. Rc4 Nh7 56. Rc8 f5 57. Rc1 Bd4 58. Rc4 Ba1 59. Rc6 Nf6
60. Be6 Kg5 61. Bf7 h4 62. Kf3 Kh6 63. Nf4 g5 64. Nh5 g4+ 65. Kf4 g3 66. Nxf6
g2 67. Nh5+ Kh7 68. Bg6+ 1-0

[Event "BL 8889 Porz-Koblenz"]
[Site "?"]
[Date "1989.??.??"]
[Round "?.6"]
[White "Ostermeyer, P."]
[Black "Seul, G."]
[Result "1/2-1/2"]
[WhiteElo "2450"]
[BlackElo "2315"]
[PlyCount "105"]
[EventDate "1989.??.??"]

1. e4 c5 2. Nf3 e6 3. b3 b6 4. Bb2 Bb7 5. Nc3 Nc6 6. d4 cxd4 7. Nxd4 Nf6 8.
Nxc6 Bxc6 9. e5 Nd5 10. Nxd5 Bxd5 11. Qd2 Be7 12. O-O-O O-O 13. Kb1 Qc7 14. f4
d6 15. c4 Be4+ 16. Bd3 Qc6 17. Ba3 Rfd8 18. Qc2 Bg6 19. Bxg6 hxg6 20. h4 Bf8
21. h5 gxh5 22. Rxh5 g6 23. Rh3 dxe5 24. Rxd8 Rxd8 25. Bxf8 Kxf8 26. Rh8+ Ke7
27. Rxd8 Kxd8 28. fxe5 Qc5 29. Qe4 a5 30. g4 g5 31. Kb2 Qf2+ 32. Kb1 Qc5 33.
Kb2 Qf2+ 34. Kb1 Kc7 35. a3 Qf1+ 36. Kb2 Qf2+ 37. Kb1 Qd2 38. Qf3 Kd8 39. Qa8+
Ke7 40. Qb7+ Kf8 41. Qxb6 Qd1+ 42. Kb2 Qe2+ 43. Kb1 Qe4+ 44. Kc1 Qxe5 45. c5
Qc3+ 46. Kb1 Qd3+ 47. Kb2 Qd4+ 48. Kc2 Qe4+ 49. Kc3 Qe3+ 50. Kc4 Qe2+ 51. Kc3
Qf3+ 52. Kc2 Qe2+ 53. Kc3 1/2-1/2

[Event "BL 8889 Porz-Koblenz"]
[Site "?"]
[Date "1989.??.??"]
[Round "?.7"]
[White "Weidemann, J."]
[Black "Schulz, KJ."]
[Result "1/2-1/2"]
[WhiteElo "2325"]
[BlackElo "2360"]
[PlyCount "75"]
[EventDate "1989.??.??"]

1. e4 c5 2. Nf3 Nc6 3. d4 cxd4 4. Nxd4 Qb6 5. Nb3 e6 6. Bd3 Nf6 7. O-O Be7 8.
Be3 Qc7 9. f4 d6 10. Nc3 a6 11. a4 b6 12. Qf3 Bb7 13. Qh3 Rd8 14. Rae1 Nb4 15.
Re2 e5 16. Nd2 O-O 17. Nc4 d5 18. exd5 Nxd3 19. cxd3 Nxd5 20. Nxd5 Bxd5 21.
Nxe5 b5 22. axb5 axb5 23. Rc1 Qb7 24. Rec2 Bd6 25. Qg3 Rfe8 26. Bd4 f6 27. Ng4
Kf7 28. Ne3 Be6 29. Bc5 Bxc5 30. Rxc5 Re7 31. f5 Bd7 32. d4 Rc8 33. Nd5 Qxd5
34. Rxd5 Rxc1+ 35. Kf2 Rc2+ 36. Kg1 Rc1+ 37. Kf2 Rc2+ 38. Kg1 1/2-1/2

[Event "BL 8889 Porz-Koblenz"]
[Site "?"]
[Date "1989.??.??"]
[Round "?.8"]
[White "Jackelen, T."]
[Black "Schlick, V."]
[Result "0-1"]
[WhiteElo "2325"]
[BlackElo "2290"]
[PlyCount "152"]
[EventDate "1989.??.??"]

1. Nf3 c5 2. c4 g6 3. Nc3 Bg7 4. g3 Nc6 5. Bg2 e5 6. a3 Nge7 7. Rb1 a5 8. O-O
O-O 9. d3 h6 10. Ne1 d6 11. Nc2 Be6 12. Ne3 Nf5 13. Ned5 Rb8 14. Bd2 Kh7 15. b4
axb4 16. axb4 cxb4 17. Nxb4 Nxb4 18. Rxb4 Qd7 19. Qb1 Nd4 20. Re1 Rfc8 21. Rb6
Rc7 22. Nb5 Nxb5 23. Qxb5 Qxb5 24. Rxb5 Ra8 25. Bb4 Bf8 26. Bxb7 Ra2 27. Bd5
Bxd5 28. Rxd5 Rc6 29. f3 Rb6 30. Ba5 Ra6 31. Bc7 Be7 32. Kf2 Rc6 33. Ra5 Rc2
34. Bb8 Bd8 35. Rd5 Bb6+ 36. Kf1 Bc5 37. Ra1 Bd4 38. Rb1 Bc5 39. Ra1 Bd4 40.
Rb1 Bc5 41. g4 Ra6 42. Rxc5 dxc5 43. Kf2 Raa2 44. Re1 f6 45. Bd6 Kg7 46. Bxc5
Kf7 47. Be3 g5 48. h3 Kg6 49. Bb6 Rab2 50. Bd8 Rb3 51. Rd1 Kf7 52. Ba5 Rbb2 53.
Re1 Ke6 54. Ke3 h5 55. gxh5 f5 56. Bd8 f4+ 57. Kf2 Kf5 58. h6 Rb8 59. Be7 Re8
60. h7 Rh8 61. Rh1 Rxh7 62. Bf8 Rd7 63. Rd1 Rxc4 64. dxc4 Rxd1 65. c5 Rh1 66.
Kg2 Ra1 67. Be7 Ra7 68. Bf8 Ra4 69. Kf2 e4 70. fxe4+ Rxe4 71. Bg7 Rc4 72. e3
Ke4 73. exf4 Rc2+ 74. Kg1 gxf4 75. Bf8 Ke3 76. Bh6 Kf3 0-1

[Event "BL 8889 München 36-Solingen"]
[Site "?"]
[Date "1989.??.??"]
[Round "?.2"]
[White "Bastian, H."]
[Black "Kavalek, L."]
[Result "1/2-1/2"]
[WhiteElo "2315"]
[BlackElo "2565"]
[PlyCount "29"]
[EventDate "1989.??.??"]

1. e4 c6 2. d4 d5 3. exd5 cxd5 4. Bd3 Nc6 5. c3 Nf6 6. Bf4 g6 7. Nd2 Bg7 8.
Ngf3 O-O 9. O-O Nh5 10. Be3 Qd6 11. Re1 f5 12. Nb3 b6 13. Rc1 Bd7 14. Bb5 Rae8
15. Bxc6 1/2-1/2

[Event "BL 8889 München 36-Solingen"]
[Site "?"]
[Date "1989.??.??"]
[Round "?.3"]
[White "Lobron, E."]
[Black "Pichler, J."]
[Result "1-0"]
[WhiteElo "2530"]
[BlackElo "2325"]
[PlyCount "121"]
[EventDate "1989.??.??"]

1. Nf3 Nf6 2. c4 g6 3. Nc3 Bg7 4. g3 O-O 5. Bg2 d6 6. O-O e5 7. d3 Re8 8. Bg5
Nbd7 9. Qc1 Nc5 10. b4 Ne6 11. Bh6 a5 12. Bxg7 Kxg7 13. a3 Bd7 14. Qb2 Bc6 15.
e4 Kg8 16. Rad1 axb4 17. axb4 Qb8 18. Ra1 Rxa1 19. Rxa1 b5 20. Nd5 Nd7 21. h4
bxc4 22. dxc4 Nec5 23. Ne1 Bxd5 24. exd5 Nf6 25. Qc3 Ncd7 26. Nc2 Qb6 27. Qe3
Qxe3 28. Nxe3 Rb8 29. Nc2 Nb6 30. Bf1 Ra8 31. Ra5 Nfd7 32. Na3 f5 33. Nb5 Rxa5
34. bxa5 Na8 35. Na7 Nc5 36. f3 Kf7 37. g4 Kf6 38. Kf2 c6 39. gxf5 gxf5 40.
Nxc6 Nc7 41. Nb4 h6 42. Ke3 Kg6 43. Bh3 Kf6 44. f4 e4 45. h5 N7a6 46. Nxa6 Nxa6
47. c5 dxc5 48. Bf1 Nc7 49. Bc4 Ke7 50. a6 Kd7 51. Kd2 Kd6 52. Kc2 Na8 53. Kc3
Nb6 54. a7 Na4+ 55. Kc2 Nb6 56. Kb3 Kc7 57. Ba6 c4+ 58. Kc2 c3 59. d6+ Kxd6 60.
Bb7 e3 61. Kxc3 1-0

[Event "BL 8889 München 36-Solingen"]
[Site "?"]
[Date "1989.??.??"]
[Round "?.4"]
[White "Goetz, R."]
[Black "Lau, R."]
[Result "0-1"]
[WhiteElo "2275"]
[BlackElo "2495"]
[PlyCount "74"]
[EventDate "1989.??.??"]

1. e4 c5 2. Nf3 d6 3. d4 cxd4 4. Nxd4 Nf6 5. Nc3 a6 6. Be2 e6 7. O-O Be7 8. f4
Qc7 9. Be3 O-O 10. Kh1 b5 11. Bf3 Bb7 12. a3 Nbd7 13. Qe2 Nb6 14. e5 dxe5 15.
fxe5 Nfd5 16. Nxd5 Nxd5 17. Bf2 Rfd8 18. c3 Nf4 19. Qe3 Ng6 20. Bxb7 Qxb7 21.
Rae1 Rd5 22. Qf3 Rad8 23. Bg3 Bh4 24. Bxh4 Nxh4 25. Qg3 Ng6 26. h4 Qc7 27. Nf3
h6 28. h5 Ne7 29. Nd4 Nc6 30. Nf3 R8d7 31. Re4 Rd1 32. Rxd1 Rxd1+ 33. Kh2 f5
34. Re1 Rd5 35. Qg6 Qd7 36. Re2 Rd3 37. Ne1 Ne7 0-1

[Event "BL 8889 München 36-Solingen"]
[Site "?"]
[Date "1989.??.??"]
[Round "?.5"]
[White "Schulte, O."]
[Black "Koepf, U."]
[Result "1-0"]
[WhiteElo "2430"]
[BlackElo "2245"]
[PlyCount "52"]
[EventDate "1989.??.??"]

1. d4 Nf6 2. c4 e6 3. Nf3 b6 4. Nc3 Bb4 5. Qb3 c5 6. e3 Nc6 7. a3 Bxc3+ 8. Qxc3
O-O 9. Bd3 Qe7 10. O-O Bb7 11. Rb1 d6 12. b4 Nd7 13. Bb2 f6 14. Qc2 g6 15. Bc3
e5 16. dxc5 dxc5 17. Be4 Rfc8 18. Rbd1 Nf8 19. Bd5+ Kg7 20. bxc5 Qxc5 21. Qe4
Qe7 22. g4 Ne6 23. g5 Nxg5 24. Nxg5 fxg5 25. c5 Qxc5 26. Bb4 Nxb4 1-0

[Event "BL 8889 Bayern-Bielefeld"]
[Site "?"]
[Date "1989.??.??"]
[Round "?.1"]
[White "Keitlinghaus, L."]
[Black "Kindermann, S."]
[Result "1/2-1/2"]
[WhiteElo "2410"]
[BlackElo "2525"]
[PlyCount "41"]
[EventDate "1989.??.??"]

1. Nf3 g6 2. e4 Bg7 3. d4 d6 4. c4 Bg4 5. Be2 Nc6 6. Nbd2 Nf6 7. d5 Nb8 8. e5
dxe5 9. Nxe5 Bxe2 10. Qxe2 O-O 11. Ndf3 Nbd7 12. O-O Nxe5 13. Nxe5 Re8 14. Rd1
Qd6 15. Nd3 e6 16. Bf4 Qb6 17. c5 Qa6 18. Bxc7 Nxd5 19. Be5 Bxe5 20. Nxe5 Rad8
21. Qe4 1/2-1/2

[Event "BL 8889 Bayern-Bielefeld"]
[Site "?"]
[Date "1989.??.??"]
[Round "?.2"]
[White "Hickl, J."]
[Black "Marjanovic, S."]
[Result "1/2-1/2"]
[WhiteElo "2500"]
[BlackElo "2485"]
[PlyCount "69"]
[EventDate "1989.??.??"]

1. g3 d5 2. Bg2 Nf6 3. d3 c5 4. Nf3 Nc6 5. O-O h6 6. c3 a6 7. Nbd2 Bf5 8. a3 e6
9. b4 Be7 10. Nb3 b6 11. c4 Rc8 12. cxd5 exd5 13. bxc5 bxc5 14. Be3 d4 15. Bd2
Be6 16. Qc2 Qd5 17. Rfb1 Qh5 18. Be1 O-O 19. Nbd2 Nd5 20. Nc4 Rfe8 21. Nb6 Nxb6
22. Rxb6 c4 23. dxc4 Qc5 24. Rb2 Bf6 25. Rc1 Bf5 26. Qd1 Qxa3 27. Rb6 Qc5 28.
Rxa6 Be4 29. Bd2 Qf5 30. Rb6 Rb8 31. Rxb8 Rxb8 32. Ne1 Bxg2 33. Kxg2 Re8 34. e3
Ne5 35. exd4 1/2-1/2

[Event "BL 8889 Bayern-Bielefeld"]
[Site "?"]
[Date "1989.??.??"]
[Round "?.3"]
[White "Pieper Emden, C."]
[Black "Bischoff, K."]
[Result "1/2-1/2"]
[WhiteElo "2345"]
[BlackElo "2510"]
[PlyCount "48"]
[EventDate "1989.??.??"]

1. d4 Nf6 2. c4 c5 3. Nf3 g6 4. Nc3 Bg7 5. e4 O-O 6. Be2 cxd4 7. Nxd4 Nc6 8.
Be3 b6 9. O-O Bb7 10. Qd2 Rc8 11. f3 Qc7 12. Rac1 Qb8 13. Rfd1 Rfd8 14. Bf1
Nxd4 15. Bxd4 Ne8 16. Nd5 Bxd4+ 17. Qxd4 Bxd5 18. exd5 e5 19. dxe6 dxe6 20. Qh4
a5 21. Rd4 Rxd4 22. Qxd4 Qd6 23. Qxd6 Nxd6 24. b3 Kf8 1/2-1/2

[Event "BL 8889 Bayern-Bielefeld"]
[Site "?"]
[Date "1989.??.??"]
[Round "?.4"]
[White "Hertneck, G."]
[Black "Baumhus, R."]
[Result "1-0"]
[WhiteElo "2435"]
[BlackElo "2335"]
[PlyCount "69"]
[EventDate "1989.??.??"]

1. d4 d5 2. c4 Nc6 3. Nc3 dxc4 4. Nf3 Nf6 5. e3 e5 6. Bxc4 exd4 7. exd4 Be7 8.
Bf4 O-O 9. O-O Bg4 10. d5 Nb8 11. h3 Bxf3 12. Qxf3 Bd6 13. Nb5 Bxf4 14. Qxf4
Ne8 15. Rfe1 Nd6 16. Nxd6 cxd6 17. Rac1 a5 18. Rc3 Na6 19. Bxa6 Rxa6 20. Qa4 h6
21. Ree3 Rb6 22. a3 Qf6 23. b3 g6 24. Rc7 Qf5 25. Re8 Ra6 26. Rxb7 Ra8 27.
Rxf8+ Rxf8 28. Qxa5 Qb1+ 29. Kh2 Qb2 30. Qb4 Qe5+ 31. f4 Qxd5 32. Rd7 Re8 33.
Rxd6 Qf5 34. Qd4 Kh7 35. Rf6 {ZÜ} 1-0

[Event "BL 8889 Bayern-Bielefeld"]
[Site "?"]
[Date "1989.??.??"]
[Round "?.5"]
[White "Gruen, G."]
[Black "Schlosser, P."]
[Result "0-1"]
[WhiteElo "2380"]
[BlackElo "2385"]
[PlyCount "54"]
[EventDate "1989.??.??"]

1. d4 Nf6 2. Nf3 d5 3. c4 e6 4. g3 dxc4 5. Bg2 a6 6. O-O b5 7. Ne5 c6 8. b3
cxb3 9. Nxc6 Qb6 10. Na5 Ra7 11. Nxb3 Rd7 12. e4 Bb7 13. Qe2 Be7 14. Nc3 Rc7
15. Bd2 O-O 16. d5 Rc4 17. dxe6 fxe6 18. a4 Rfc8 19. a5 Qc6 20. Rfc1 Nbd7 21.
Nd1 Nxe4 22. Ne3 Ndc5 23. Nxc4 Nxb3 24. Nb6 Nxc1 25. Rxc1 Qxc1+ 26. Bxc1 Rxc1+
27. Bf1 Ng5 0-1

[Event "BL 8889 Bayern-Bielefeld"]
[Site "?"]
[Date "1989.??.??"]
[Round "?.6"]
[White "Hecht, H."]
[Black "Peist, J."]
[Result "1-0"]
[WhiteElo "2430"]
[BlackElo "2350"]
[PlyCount "97"]
[EventDate "1989.??.??"]

1. e4 e6 2. d4 d5 3. e5 c5 4. c3 Nc6 5. Nf3 Qb6 6. a3 Bd7 7. Be2 cxd4 8. cxd4
Nge7 9. Nc3 Na5 10. O-O Rc8 11. b4 Nc4 12. Na4 Qc6 13. Nc5 b6 14. Nxd7 Qxd7 15.
Bd3 b5 16. Ng5 g6 17. Ra2 Nc6 18. Be3 Bg7 19. h4 Qe7 20. Qg4 h5 21. Qg3 Qd7 22.
Qf3 Ra8 23. Rd1 a6 24. g3 Ra7 25. Kg2 Rc7 26. Bb1 Ra7 27. Bd3 Rc7 28. Nh3 Ne7
29. Bg5 Rg8 30. Bf6 Bxf6 31. Qxf6 Qd8 32. Qf4 Nb6 33. Ng5 Nf5 34. Bxf5 gxf5 35.
Qf3 Rh8 36. Raa1 Qe7 37. Rac1 Rc4 38. Nh3 Qf8 39. Nf4 Qh6 40. Rxc4 bxc4 41. a4
Qf8 42. Rb1 Kd8 43. a5 Nd7 44. b5 axb5 45. Rxb5 Kc7 46. a6 Kc6 47. Rb7 Nb8 48.
Qc3 Nxa6 49. Qb2 1-0